00365nam a2200145Ia 4500008004100000020001500041041001200056082001100068100001800079245005900097250000800156260003900164300000800203650000800211221030s9999 xx 000 0 und d a8131708454 aEnglish a105.23 aW. D. Stanley 0aOperational Amplifiers with Linear Integrated Circuits a4th bPearson EdcuationaNew Delhic2007 a674 aECE